Investigación flujos migratorios laborales intrarregionales: situación actual, retos y oportunidades en Centroamérica y República Dominicana
La publicación realizada en colaboración entre la Organización Internacional para las Migraciones (OIM), la Organización Internacional del Trabajo (OIT) y el Centro de Estudios y Capacitación Cooperativa del Sistema de la Integración Centroamericana (CECC/SICA), aborda el análisis de los flujos migr...
Guardado en:
| Format: | Ukendt |
|---|---|
| Sprog: | Spanish |
| Udgivet: |
Costa Rica :
OIM ; OIT ; CECC/SICA
2011
|
| Fag: | |
| Tags: |
Tilføj Tag
Ingen Tags, Vær først til at tagge denne postø!
|
MARC
| LEADER | 00000 a2200000 04500 | ||
|---|---|---|---|
| 001 | 44864 | ||
| 003 | cru IIS | ||
| 005 | 20231020062600.0 | ||
| 008 | 050703s2011 cr spa d | ||
| 020 | |a 978-9968-542-28-9 | ||
| 040 | |c CRAI | ||
| 090 | |a 14.07.01 F646g | ||
| 245 | |a Investigación flujos migratorios laborales intrarregionales: |b situación actual, retos y oportunidades en Centroamérica y República Dominicana | ||
| 246 | |a Informe de Costa Rica | ||
| 260 | |a Costa Rica : |b OIM ; OIT ; CECC/SICA |c 2011 | ||
| 300 | |a 124 páginas : |b tablas, gráficos + |e 1 disco compacto | ||
| 520 | |a La publicación realizada en colaboración entre la Organización Internacional para las Migraciones (OIM), la Organización Internacional del Trabajo (OIT) y el Centro de Estudios y Capacitación Cooperativa del Sistema de la Integración Centroamericana (CECC/SICA), aborda el análisis de los flujos migratorios laborales dentro de la región de Centroamérica y la República Dominicana. La investigación explora la situación actual de la migración laboral intrarregional, identifica los retos y las oportunidades que enfrenta este fenómeno en la región y presenta posibles estrategias para abordar los desafíos. Se examinan aspectos como las condiciones laborales de los migrantes, las políticas migratorias, los impactos en las economías y sociedades de origen y destino, así como los mecanismos de cooperación regional para la gestión de la migración laboral. La publicación busca proporcionar un panorama integral de la migración laboral en la región y contribuir a la formulación de políticas y estrategias que promuevan una migración segura, ordenada y beneficiosa para todos los actores involucrados. RAR | ||
| 650 | 0 | |2 OCDE |9 299 |a MIGRACION | |
| 650 | 0 | |2 OCDE |9 300 |a MIGRACION LABORAL | |
| 650 | 0 | |2 OCDE |9 5879 |a MIGRACION INTERNA | |
| 650 | 0 | |2 OCDE |9 11650 |a OPORTUNIDADES | |
| 650 | 0 | |2 OCDE |9 11649 |a DESAFIOS | |
| 650 | 0 | |a COOPERACION REGIONAL |9 2850 | |
| 651 | 0 | |2 OCDE |9 308 |a CENTROAMERICA | |
| 651 | 0 | |2 OCDE |9 309 |a REPUBLICA DOMINICANA | |
| 942 | |2 ddc |c LI | ||
| 999 | |c 1584 |d 1584 | ||



